000 00741pab a2200157 454500
008 180718b2005 xxu||||| |||| 00| 0 eng d
100 _aChakraborty, D. et al
245 _aDRIS: a decision making tool for planners
260 _c2005
300 _ap.30-33.
362 _aSep
520 _aThe amount of data generated in this digital era is phenomenal, wherein the decision maker has to depend on hierarchy for relevant information, which results in delay due to lack of timely data verification. Contemporary decision-making thus becomes complex. In view of this an attempt has been made to design and develop a Decision Support System - DRIS. - Reproduced.
650 _aDecision making
773 _aGIS Development
909 _a67070
999 _c67070
_d67070